000 00836nam a2200265 a 4500
008
020 _a1412901324 (pbk.)
049 _aMAIN
090 _aLB2369
_bWAL
100 1 _aWalliman, Nicholas.
245 1 0 _aYour research project :
_ba step-by-step guide for the first time researcher /
_c Nicholas Walliman.
250 _a2nd ed.
260 _aLondon :
_bSAGE Publications,
_c2005.
300 _axiii, 450 p. :
_bill. ;
_c25 cm.
500 _aIncludes index.
504 _aIncludes bibliographical references.
650 1 _aResearch.
650 _aResearch
_vHandbooks, manuals, etc.
650 _aReport writing
_vHandbooks, manuals, etc.
907 _a.b10251820
_b13-09-10
_c24-09-07
003
005 20230123134509.0
040 _cNUST
942 _cBOOKS
_kLB2369
_mWAL
999 _c166940
_d166940